000 00613nam a2200181Ia 4500
008 100920s9999 xx 000 0 und d
082 _b93709
_a539 न 03
100 _aचोरघडे शं.ल.
245 _aवसुंधरेचे अविष्कार.
260 _bअनिरूध्द साहित्य पुणे.
_c2003
300 _a287
_bसाधी
365 _b250
520 _aशाआ.
630 _aवसुंधरेचे अविष्कार.
650 _aशाआ.
730 _aवसुंधरेचे अविष्कार.
942 _cBOOK
999 _c734152
_d734149